الحقوق المدنية والسياسية : (Record no. 71410)
[ view plain ]
| 000 -LEADER | |
|---|---|
| fixed length control field | 01063nam a2200277 i 4500 |
| 003 - CONTROL NUMBER IDENTIFIER | |
| control field | EG-GICUC |
| 005 - DATE AND TIME OF LATEST TRANSACTION | |
| control field | 20260416125158.0 |
| 008 - FIXED-LENGTH DATA ELEMENTS--GENERAL INFORMATION | |
| fixed length control field | 260416s1991 us ||||fr|||| 000 0 ara d |
| 024 ## - OTHER STANDARD IDENTIFIER | |
| Qualifying information | 1014-5583 |
| 040 ## - CATALOGING SOURCE | |
| Original cataloging agency | EG-GICUC |
| Transcribing agency | EG-GICUC |
| Modifying agency | EG-GICUC |
| Description conventions | rda |
| 082 04 - DEWEY DECIMAL CLASSIFICATION NUMBER | |
| Edition number | 21 |
| Classification number | 341.48 |
| Item number | ح ق |
| 092 04 - LOCALLY ASSIGNED DEWEY CALL NUMBER (OCLC) | |
| Edition number | 21 |
| 099 ## - LOCAL FREE-TEXT CALL NUMBER (OCLC) | |
| Classification number | Law1 11 341.48 ح ق 1991 |
| 110 2# - MAIN ENTRY--CORPORATE NAME | |
| Corporate name or jurisdiction name as entry element | الأمم المتحدة |
| Relator term | مؤلف. |
| 245 12 - TITLE STATEMENT | |
| Title | الحقوق المدنية والسياسية : |
| Remainder of title | اللجنة المعنية بحقوق الانسان / |
| Statement of responsibility, etc. | الأمم المتحدة. |
| Name of part/section of a work | صحيفة وقائع رقم 15 |
| 264 #1 - PRODUCTION, PUBLICATION, DISTRIBUTION, MANUFACTURE, AND COPYRIGHT NOTICE | |
| Place of production, publication, distribution, manufacture | الولايات المتحدة الامريكية : |
| Name of producer, publisher, distributor, manufacturer | الأمم المتحدة، |
| Date of production, publication, distribution, manufacture, or copyright notice | 1991. |
| 300 ## - PHYSICAL DESCRIPTION | |
| Extent | 80 صفحة : |
| Dimensions | 24 سم |
| 336 ## - CONTENT TYPE | |
| Source | rda content |
| Content type term | text |
| 337 ## - MEDIA TYPE | |
| Source | rda media |
| Media type term | Computer |
| 338 ## - CARRIER TYPE | |
| Source | rda carrier |
| Carrier type term | Online Resource |
| 546 ## - LANGUAGE NOTE | |
| Language note | النص باللغة العربية |
| 650 14 - SUBJECT ADDED ENTRY--TOPICAL TERM | |
| Topical term or geographic name entry element | حقوق الإنسان -- قانون دولي |
| 856 40 - ELECTRONIC LOCATION AND ACCESS | |
| Uniform Resource Identifier | <a href="https://fll.law.cu.edu.eg/fulltext/bks/B11-09991.pdf">https://fll.law.cu.edu.eg/fulltext/bks/B11-09991.pdf</a> |
| 905 ## - Cataloger and Reviser Names | |
| Cataloger Name: | Farah |
| 942 ## - ADDED ENTRY ELEMENTS (KOHA) | |
| Source of classification or shelving scheme | Dewey Decimal Classification |
| Koha item type | Books |
| Edition | 21 |
| Suppress in OPAC | No |
| Withdrawn status | Lost status | Source of classification or shelving scheme | Damaged status | Not for loan | Collection | Home library | Current library | Date acquired | Total checkouts | Full call number | Barcode | Date last seen | Copy number | Price effective from | Koha item type |
|---|---|---|---|---|---|---|---|---|---|---|---|---|---|---|---|
| Dewey Decimal Classification | Not for loan | المالية العامة والتشريع الضريبي | جــــامعة القــاهرة | مكتبة كلية الحقوق - المبنى الرئيسي | 16.04.2026 | Law1 11 341.48 ح ق 1991 1109991 C1 | B11-09991 | 16.04.2026 | 1 | 16.04.2026 | Books | ||||
| Dewey Decimal Classification | جــــامعة القــاهرة | مكتبة كلية الحقوق - المبنى الرئيسي | 16.04.2026 | Law1 11 341.48 ح ق 1991 1109988 C1 | B11-09988 | 16.04.2026 | 2 | 16.04.2026 | Books |